[Event "VII Open Autunno"]
[Site "Robecchetto con Induno ITA"]
[Date "2010.11.18"]
[Round "7"]
[White "Saccani, Ettore"]
[Black "Pinciroli, Giovanni"]
[Result "1-0"]
[WhiteElo "1800"]
[BlackElo "1449"]
[PlyCount "101"]
[EventDate "2010.10.07"]

1. e4 c6 2. d4 d5 3. Nc3 dxe4 4. Nxe4 Bf5 5. Ng3 Bg6 6. Nf3 Nf6 7. Bc4 Nbd7 8.
O-O e6 9. Re1 Be7 10. c3 O-O 11. Qb3 Qb6 12. Bxe6 Qxb3 13. Bxb3 Bd6 14. Bg5
Bxg3 15. hxg3 h6 16. Bxf6 Nxf6 17. Re7 Rab8 18. Rae1 Kh8 19. Ne5 Rfe8 20. Nxf7+
Bxf7 21. Bxf7 Rf8 22. f3 g5 23. R1e6 Nd5 24. Rxh6+ Kg7 25. Rg6+ Kh7 26. Bxd5+
Kxg6 27. Be4+ Kf6 28. Re5 Rh8 29. Rf5+ Ke6 30. Rxg5 Rhg8 31. Rxg8 Rxg8 32. g4
Rg7 33. Kf2 Kf6 34. Kg3 Re7 35. Kf4 Rf7 36. g5+ Ke6+ 37. Kg4 Rg7 38. f4 Kd6 39.
f5 c5 40. f6 Rc7 41. dxc5+ Rxc5 42. g6 Rc4 43. Kf4 Ke6 44. g7 Kf7 45. Ke5 Rc5+
46. Bd5+ Rxd5+ 47. Kxd5 Kg8 48. Ke6 a5 49. Ke7 b5 50. f7+ Kxg7 51. f8=Q+ 1-0

[Event "VII Open Autunno"]
[Site "Robecchetto con Induno ITA"]
[Date "2010.11.18"]
[Round "7"]
[White "Santarelli, Sabatino"]
[Black "Paolillo, Giampiero"]
[Result "0-1"]
[WhiteElo "1671"]
[BlackElo "1693"]
[PlyCount "92"]
[EventDate "2010.10.07"]

1. b3 Nf6 2. Bb2 g6 3. Nf3 Bg7 4. c4 d6 5. e3 e5 6. d3 Bg4 7. Be2 O-O 8. h3
Bxf3 9. Bxf3 c6 10. O-O Re8 11. Nd2 d5 12. cxd5 cxd5 13. Re1 Nc6 14. a3 Rc8 15.
b4 Qb6 16. Qb3 Qd8 17. Red1 Re7 18. e4 d4 19. Rdc1 Rec7 20. Rc2 Na5 21. bxa5
Rxc2 22. Nc4 R2xc4 23. dxc4 Qc7 24. Rc1 Nd7 25. Be2 Nc5 26. Qf3 Qxa5 27. Qg4
Rd8 28. Rd1 Qa4 29. Qg5 Rd7 30. f3 d3 31. Rxd3 Nxd3 32. Bxd3 Rxd3 33. Bxe5 Bxe5
34. Qxe5 Qd7 35. Qb8+ Kg7 36. Qe5+ f6 37. Qb8 Rd1+ 38. Kh2 Qd6+ 39. Qxd6 Rxd6
40. Kg3 Rc6 41. f4 Rxc4 42. e5 fxe5 43. fxe5 Re4 44. Kf3 Rxe5 45. Kf4 Re8 46.
g4 b5 0-1

[Event "VII Open Autunno"]
[Site "Robecchetto con Induno ITA"]
[Date "2010.11.18"]
[Round "7"]
[White "Turchi, Alessandro"]
[Black "Sartorio, Alessandro"]
[Result "1-0"]
[WhiteElo "1428"]
[BlackElo "1350"]
[PlyCount "81"]
[EventDate "2010.10.07"]

1. d4 d6 2. Bf4 Nf6 3. e3 g6 4. Nf3 Bg7 5. h3 O-O 6. Bd3 Nbd7 7. O-O b6 8. c4
Bb7 9. Nbd2 Re8 10. a3 e5 11. dxe5 dxe5 12. Bg5 e4 13. Bxe4 Bxe4 14. Nxe4 Rxe4
15. Qd3 Nc5 16. Qc2 Qd7 17. Rad1 Qf5 18. b4 Ne6 19. Bxf6 Bxf6 20. Qe2 Ng5 21.
Nxg5 Bxg5 22. Rd5 Re5 23. Rxe5 Qxe5 24. f4 Bxf4 25. Rxf4 f5 26. Qf3 Re8 27.
Qd5+ Qxd5 28. cxd5 Rxe3 29. Rc4 Rxa3 30. Rxc7 Kf8 31. Rxh7 Ke8 32. Rg7 a5 33.
bxa5 bxa5 34. Rxg6 Rd3 35. d6 a4 36. Rg8+ Kd7 37. Ra8 a3 38. h4 Rxd6 39. Rxa3
Rh6 40. g3 Ke6 41. Ra6+ 1-0

[Event "VII Open Autunno"]
[Site "Robecchetto con Induno ITA"]
[Date "2010.11.18"]
[Round "7"]
[White "Turini, Gianluca"]
[Black "Macchiettini, Pierangelo"]
[Result "1/2-1/2"]
[WhiteElo "1781"]
[BlackElo "1700"]
[PlyCount "97"]
[EventDate "2010.10.07"]

1. d4 d5 2. c4 e6 3. Nc3 Nf6 4. Bg5 Be7 5. e3 c6 6. Nf3 Nbd7 7. Bd3 h6 8. Bh4
O-O 9. O-O Nb6 10. c5 Nbd7 11. b4 b5 12. a4 bxa4 13. Qxa4 Bb7 14. b5 Qc8 15.
Rfb1 e5 16. Nxe5 Nxe5 17. dxe5 Ne4 18. Nxe4 cxb5 19. Qxb5 Bc6 20. Qa6 Bxh4 21.
Nd6 Qd7 22. Bf5 Qc7 23. Qd3 Rfb8 24. e6 Bf6 25. exf7+ Kf8 26. Rxb8+ Rxb8 27.
Rb1 Be5 28. Rxb8+ Qxb8 29. Qa6 Qc7 30. f4 Bxd6 31. cxd6 Qxd6 32. Qxa7 g6 33.
Bg4 Qf6 34. Qd4 Qxd4 35. exd4 Kxf7 36. h4 Kf6 37. Kf2 h5 38. Bc8 Ba4 39. g4
hxg4 40. Bxg4 Bc2 41. h5 gxh5 42. Bxh5 Kf5 43. Ke3 Kf6 44. Bg4 Bb1 45. Kd2 Ke7
46. Kc3 Be4 47. Kb4 Kd6 48. f5 Ke7 49. Kc5 1/2-1/2

[Event "Weekend Accademia Autunno"]
[Site "Roma ITA"]
[Date "2010.10.08"]
[Round "1"]
[White "Bolla, Vittorio"]
[Black "Chiaretti, Roberto"]
[Result "0-1"]
[WhiteElo "1790"]
[BlackElo "2188"]
[PlyCount "66"]
[EventDate "2010.10.08"]

1. e4 c5 2. Nf3 Nc6 3. Bb5 Nf6 4. Nc3 g6 5. e5 Ng4 6. Bxc6 dxc6 7. h3 Nh6 8.
O-O Bg7 9. d3 Nf5 10. Re1 O-O 11. Bf4 h6 12. Ne4 b6 13. c3 g5 14. Bh2 Bh8 15.
Qb3 Qxd3 16. Rad1 Qb5 17. Qxb5 cxb5 18. g4 Ng7 19. h4 Bxg4 20. Kg2 Nf5 21. Rd2
gxh4 22. Rg1 Kh7 23. Ne1 Rad8 24. Kh1 Bh5 25. Bf4 Rxd2 26. Nxd2 Rd8 27. Kh2
Bxe5 28. Bxe5 Rxd2 29. Rg2 Re2 30. Nd3 Bf3 31. Rg1 c4 32. Ne1 Bb7 33. Bd4 e5
0-1

[Event "Weekend Accademia Autunno"]
[Site "Roma ITA"]
[Date "2010.10.08"]
[Round "1"]
[White "Carola, Paolo"]
[Black "Marelli, Emanuele"]
[Result "1-0"]
[WhiteElo "1904"]
[BlackElo "1476"]
[PlyCount "70"]
[EventDate "2010.10.08"]

1. e4 c5 2. Nf3 d6 3. Bb5+ Bd7 4. a4 Nc6 5. d4 cxd4 6. Nxd4 Nf6 7. Nc3 e6 8.
O-O Be7 9. Be3 a6 10. Nxc6 Bxc6 11. Bxc6+ bxc6 12. a5 Nd7 13. f4 O-O 14. Qe2 d5
15. Rfd1 Bb4 16. Ra4 Qe7 17. exd5 exd5 18. Bd4 Qxe2 19. Nxe2 Bc5 20. b4 Bxd4+
21. Nxd4 Rac8 22. Ra2 Nf6 23. c4 dxc4 24. Rc2 c5 25. Nf5 Rfd8 26. Rxd8+ Rxd8
27. Rxc4 cxb4 28. Rxb4 g6 29. Ne7+ Kg7 30. Rb6 Ra8 31. Kf2 h5 32. Kf3 Ra7 33.
Nc6 Nd7 34. Nxa7 Nc5 35. Nc6 Kf8 1-0

[Event "Weekend Accademia Autunno"]
[Site "Roma ITA"]
[Date "2010.10.08"]
[Round "1"]
[White "Ceccarelli, Lucio"]
[Black "Battistelli, Alessandro"]
[Result "1/2-1/2"]
[WhiteElo "1554"]
[BlackElo "1862"]
[PlyCount "64"]
[EventDate "2010.10.08"]

1. b4 d5 2. Bb2 Bf5 3. Nf3 e6 4. e3 Nf6 5. b5 Nbd7 6. c4 Bd6 7. Be2 c6 8. bxc6
bxc6 9. Nd4 Bg6 10. Nxc6 Qb6 11. Bxf6 Nxf6 12. cxd5 Nxd5 13. Nd4 O-O 14. O-O
Be5 15. Nc3 Nxc3 16. dxc3 Rac8 17. Rc1 Qb2 18. Qb3 Rb8 19. Qxb2 Rxb2 20. Bc4
Rc8 21. Bb3 Bd3 22. Rfd1 Bc4 23. Bxc4 Rxc4 24. Nc6 Bf6 25. Rb1 Rxb1 26. Rxb1 h6
27. Nxa7 Rxc3 28. Nb5 Rc2 29. a3 Ra2 30. g3 h5 31. Rb3 h4 32. Kg2 Be7 1/2-1/2

[Event "Weekend Accademia Autunno"]
[Site "Roma ITA"]
[Date "2010.10.08"]
[Round "1"]
[White "Condemi De Felice, Alfonso"]
[Black "Squicciarini, Simone"]
[Result "1-0"]
[WhiteElo "1907"]
[BlackElo "1608"]
[PlyCount "124"]
[EventDate "2010.10.08"]

1. d4 d5 2. Nf3 Nf6 3. e3 g6 4. Bd3 Bg7 5. O-O O-O 6. Nbd2 Nbd7 7. c3 c6 8. e4
dxe4 9. Nxe4 Qc7 10. Re1 b6 11. Bg5 Bb7 12. Qd2 Rfe8 13. Bf4 Qd8 14. Rad1 c5
15. Qe2 Nxe4 16. Bxe4 Bxe4 17. Qxe4 Nf6 18. Qe2 Qd5 19. dxc5 Qxc5 20. Be3 Qc7
21. Bd4 Rad8 22. Be5 Qc8 23. Nd4 Qc5 24. b4 Qc8 25. Nb5 Rxd1 26. Rxd1 Rd8 27.
Rxd8+ Qxd8 28. Nxa7 Qd5 29. f3 e6 30. c4 Qa8 31. Nb5 Qa4 32. Qd2 Ne8 33. Bxg7
Kxg7 34. Kf2 Nf6 35. Ke2 Qa8 36. a3 Qb8 37. Qd6 Qc8 38. Qc7 Qxc7 39. Nxc7 Nd7
40. a4 Ne5 41. Ne8+ Kf8 42. Nd6 Nc6 43. b5 Ne5 44. f4 Nd7 45. Ne4 Ke7 46. c5
bxc5 47. a5 f5 48. Nc3 Kd6 49. Kd3 e5 50. g3 e4+ 51. Kc4 Nf6 52. a6 Nd7 53. Nd5
e3 54. Nxe3 Nb6+ 55. Kc3 Kc7 56. Nc4 Nd7 57. Kb3 h6 58. Ka4 g5 59. Ka5 gxf4 60.
gxf4 Nf6 61. b6+ Kb8 62. a7+ Ka8 1-0

[Event "Weekend Accademia Autunno"]
[Site "Roma ITA"]
[Date "2010.10.08"]
[Round "1"]
[White "Fargnoli, Maurizio"]
[Black "Iandolo, Marco"]
[Result "1-0"]
[WhiteElo "1678"]
[BlackElo "1941"]
[PlyCount "96"]
[EventDate "2010.10.08"]

1. e4 d5 2. exd5 Nf6 3. d4 Bg4 4. Nf3 Qxd5 5. Nc3 Qh5 6. Be2 Nc6 7. Be3 O-O-O
8. O-O e5 9. d5 e4 10. Ng5 Bd6 11. Bxg4+ Nxg4 12. h3 f5 13. Ncxe4 fxe4 14.
Qxg4+ Qxg4 15. hxg4 Ne5 16. Bd4 Rde8 17. Nxe4 Nxg4 18. Nxd6+ cxd6 19. Rae1 Nf6
20. c4 b6 21. a4 Kd7 22. f3 Rhg8 23. g4 Rgf8 24. Kg2 g6 25. Rxe8 Nxe8 26. Re1
Nc7 27. g5 Na6 28. a5 Nc5 29. axb6 axb6 30. Bf6 Rf7 31. Ra1 Kc7 32. b4 Nb7 33.
Kg3 Rf8 34. Bd4 Rf5 35. Kg4 b5 36. Ra6 bxc4 37. Rc6+ Kb8 38. Bf6 Rxd5 39. Bg7
Rb5 40. f4 d5 41. Be5+ Ka7 42. Rc7 Rxb4 43. Rxh7 Kb6 44. Rg7 d4 45. Rxg6+ Kc5
46. Rg7 Nd6 47. g6 d3 48. Rc7+ Kb6 1-0

[Event "Weekend Accademia Autunno"]
[Site "Roma ITA"]
[Date "2010.10.08"]
[Round "1"]
[White "Iacoacci, Giancarlo"]
[Black "Nazzarri, Errico"]
[Result "1-0"]
[WhiteElo "1824"]
[BlackElo "1383"]
[PlyCount "69"]
[EventDate "2010.10.08"]

1. d4 d5 2. Bf4 Nf6 3. Nf3 Bf5 4. e3 e6 5. Be2 Bd6 6. Bg5 Nbd7 7. O-O O-O 8. c4
c5 9. cxd5 exd5 10. Nc3 Be6 11. Rc1 c4 12. b3 Ba3 13. Rc2 Qe8 14. Nb5 Qe7 15.
bxc4 a6 16. cxd5 axb5 17. dxe6 Qxe6 18. Bxf6 Nxf6 19. Bxb5 Rad8 20. Qe2 Ng4 21.
h3 Nf6 22. Bc4 Nd5 23. Bb3 Qf6 24. Qb5 b6 25. Bxd5 Qd6 26. Bb3 Rb8 27. Rc6 Qd7
28. Ne5 Qf5 29. Qe2 b5 30. Bc2 Qg5 31. Nd7 Rbc8 32. Rxc8 Rxc8 33. Qd3 g6 34.
Qxa3 Rxc2 35. Qf8# 1-0

[Event "Weekend Accademia Autunno"]
[Site "Roma ITA"]
[Date "2010.10.08"]
[Round "1"]
[White "Lami, Damiano"]
[Black "Figus, Maurizio"]
[Result "1/2-1/2"]
[WhiteElo "1652"]
[BlackElo "1920"]
[PlyCount "71"]
[EventDate "2010.10.08"]

1. e4 c5 2. c3 Nf6 3. e5 Nd5 4. d4 cxd4 5. Nf3 Nc6 6. Bc4 Nb6 7. Bb3 d5 8. exd6
Qxd6 9. O-O dxc3 10. Nxc3 Qxd1 11. Rxd1 Bg4 12. Nb5 Rc8 13. Be3 Bxf3 14. gxf3
e6 15. Nxa7 Nxa7 16. Bxb6 Nc6 17. Ba4 Be7 18. Rac1 O-O 19. Rd7 Bf6 20. Rxb7 Nd4
21. Rxc8 Nxf3+ 22. Kg2 Nh4+ 23. Kh3 Rxc8 24. Bc7 Nf5 25. b4 g5 26. Rb8 Rxb8 27.
Bxb8 Bd4 28. Bc7 Bxf2 29. b5 Ne3 30. Bg3 g4+ 31. Kh4 Nf5+ 32. Kxg4 Nxg3 33.
hxg3 Kg7 34. Bc2 f5+ 35. Kg5 Bxg3 36. Bxf5 1/2-1/2

[Event "Weekend Accademia Autunno"]
[Site "Roma ITA"]
[Date "2010.10.08"]
[Round "1"]
[White "Maggi, Fabrizio"]
[Black "Caporale, Giuseppe Guido"]
[Result "1-0"]
[WhiteElo "2130"]
[BlackElo "1782"]
[PlyCount "63"]
[EventDate "2010.10.08"]

1. c4 e5 2. Nc3 Nc6 3. e3 Nf6 4. Nf3 d5 5. cxd5 Nxd5 6. Bb5 Nxc3 7. bxc3 Bd6 8.
d4 exd4 9. cxd4 O-O 10. O-O Bd7 11. e4 a6 12. Bd3 Bg4 13. Bb2 Bf4 14. Be2 Qd6
15. g3 Bh6 16. d5 Bxf3 17. Bxf3 Ne5 18. Be2 g6 19. f4 Nd7 20. Qd4 f6 21. Bg4
Bg7 22. Be6+ Kh8 23. Rac1 c5 24. dxc6 Qxe6 25. cxd7 Rad8 26. Rc7 b5 27. Ba3 Rg8
28. f5 Qxa2 29. Be7 Qf7 30. Bxd8 Rxd8 31. Rc8 Qe7 32. Rxd8+ 1-0

[Event "Weekend Accademia Autunno"]
[Site "Roma ITA"]
[Date "2010.10.08"]
[Round "1"]
[White "Maggi, Luigi"]
[Black "Milani, Patrizia"]
[Result "1-0"]
[WhiteElo "1863"]
[BlackElo "1416"]
[PlyCount "87"]
[EventDate "2010.10.08"]

1. c4 c5 2. Nf3 Nc6 3. d4 e6 4. d5 Na5 5. e4 d6 6. Nc3 Bd7 7. Bd3 e5 8. O-O b6
9. h3 Qf6 10. Be3 Nb7 11. Bc2 Qe7 12. Ba4 Na5 13. Nd2 Nf6 14. a3 g6 15. Nb5 Kd8
16. Kh1 h6 17. b4 Nb7 18. Nc3 Bc8 19. Bc6 g5 20. bxc5 g4 21. cxb6 gxh3 22. g3
a6 23. f3 h5 24. Rg1 Bh6 25. Nf1 Rb8 26. Bxb7 Rxb7 27. Rb1 Bxe3 28. Nxe3 Nd7
29. Nf5 Qf6 30. Na4 Nc5 31. Nxc5 dxc5 32. Qd3 Rxb6 33. Rxb6 Qxb6 34. Kh2 Qb2+
35. Kxh3 h4 36. g4 Qb7 37. Rb1 Qd7 38. Qb3 Qc7 39. Qb6 Bxf5 40. Qf6+ Kd7 41.
Qxh8 Bg6 42. Qf8 a5 43. Rb8 a4 44. Qe8+ 1-0

[Event "Weekend Accademia Autunno"]
[Site "Roma ITA"]
[Date "2010.10.08"]
[Round "1"]
[White "Passeri, Marco"]
[Black "De Santis, Emilio"]
[Result "1/2-1/2"]
[WhiteElo "1434"]
[BlackElo "1875"]
[PlyCount "150"]
[EventDate "2010.10.08"]

1. d4 d5 2. Nf3 c6 3. e3 Nf6 4. Bd3 g6 5. Nbd2 Bg7 6. b3 O-O 7. Bb2 Bg4 8. h3
Bxf3 9. Nxf3 Ne4 10. O-O Nd7 11. c4 h6 12. Qc2 f5 13. Rfc1 Rc8 14. Nh4 Kh7 15.
g4 e6 16. Ng2 Ndf6 17. Nf4 Re8 18. f3 Nd6 19. Qg2 dxc4 20. bxc4 b5 21. gxf5
gxf5 22. c5 Nc4 23. Nxe6 Qe7 24. Bxf5+ Kh8 25. Re1 Nxb2 26. Qxb2 Nh5 27. Kh2
Rb8 28. Rg1 Bf6 29. Bg4 Ng7 30. Nf4 Qxc5 31. Ng6+ Kg8 32. Qb3+ Qd5 33. Nf4 Qxb3
34. axb3 Re7 35. Ne6 Kf7 36. Nxg7 Bxg7 37. Bh5+ Kf8 38. Rg6 Bxd4 39. Rxh6 Kg7
40. Rg6+ Kh8 41. e4 c5 42. f4 Rb6 43. Rxb6 axb6 44. e5 Kg7 45. Bg4 c4 46. bxc4
bxc4 47. Ra4 Bb2 48. Rxc4 Bxe5 49. fxe5 Rxe5 50. Rb4 b5 51. Bd7 Rc5 52. Bxb5
Kh6 53. Bf1 Rc3 54. Rb5 Kg6 55. Bg2 Ra3 56. Be4+ Kh6 57. Rf5 Re3 58. Bf3 Kg6
59. Rf4 Kh6 60. Kg3 Re1 61. h4 Rg1+ 62. Bg2 Kh5 63. Rf5+ Kh6 64. h5 Rc1 65. Bf3
Rg1+ 66. Kf4 Rg8 67. Rf6+ Kg7 68. Kg5 Kh8+ 69. Rg6 Rg7 70. Bd5 Kh7 71. Kf6 Ra7
72. Be4 Ra6+ 73. Ke7 Ra7+ 74. Kf8 Ra4 75. Ra6+ Rxe4 1/2-1/2

[Event "Weekend Accademia Autunno"]
[Site "Roma ITA"]
[Date "2010.10.08"]
[Round "1"]
[White "Prudenzano, Ruggero"]
[Black "Di Giulio, Michele"]
[Result "1-0"]
[WhiteElo "1929"]
[BlackElo "1669"]
[PlyCount "89"]
[EventDate "2010.10.08"]

1. d4 d5 2. c4 e6 3. Nc3 Nf6 4. Bg5 Be7 5. cxd5 Nxd5 6. Bxe7 Qxe7 7. e4 Nf6 8.
Nf3 O-O 9. Bd3 Rd8 10. e5 Nfd7 11. O-O Nf8 12. Qe2 Nc6 13. Rad1 b6 14. Bb1 Bb7
15. Ne4 Nb4 16. a3 Ba6 17. Qe3 Nd5 18. Qd2 Bxf1 19. Kxf1 Rd7 20. Qc2 Rad8 21.
Neg5 g6 22. h4 c5 23. Qe4 cxd4 24. Nxd4 Qc5 25. Ngf3 Nc7 26. Qe3 Nb5 27. Rc1
Qd5 28. Be4 Qa2 29. Nxb5 Qxb2 30. Nd6 f6 31. Nc4 Qb5 32. exf6 Rc7 33. Nfe5 Rdc8
34. Bd3 Qd5 35. f7+ Kg7 36. Be4 Qd8 37. a4 a6 38. Bf3 b5 39. axb5 axb5 40. Rd1
Qxh4 41. g3 Qh3+ 42. Bg2 Qh5 43. g4 Qh4 44. Nd6 Rb8 45. Ne8+ 1-0

[Event "Weekend Accademia Autunno"]
[Site "Roma ITA"]
[Date "2010.10.08"]
[Round "1"]
[White "Quimi, Marco"]
[Black "Tosi, Francesco"]
[Result "1-0"]
[WhiteElo "2195"]
[BlackElo "1824"]
[PlyCount "51"]
[EventDate "2010.10.08"]

1. e4 c5 2. Nf3 e6 3. d4 cxd4 4. Nxd4 Nc6 5. Nc3 Qc7 6. Ndb5 Qb8 7. g3 a6 8.
Nd4 Nxd4 9. Qxd4 b5 10. Bg2 Bb7 11. O-O Qa7 12. Qxa7 Rxa7 13. Be3 Ra8 14. e5
Bxg2 15. Kxg2 f6 16. f4 Rc8 17. Rfc1 fxe5 18. fxe5 Ne7 19. a4 b4 20. Ne4 Nf5
21. Bf2 Be7 22. c4 bxc3 23. Rxc3 Rxc3 24. bxc3 d5 25. exd6 Bxd6 26. g4 1-0

[Event "Weekend Accademia Autunno"]
[Site "Roma ITA"]
[Date "2010.10.08"]
[Round "1"]
[White "Sacco, Davide"]
[Black "Scagliarini, Bruno"]
[Result "0-1"]
[WhiteElo "1482"]
[BlackElo "1906"]
[PlyCount "147"]
[EventDate "2010.10.08"]

1. d4 e6 2. c4 Nf6 3. g3 c5 4. d5 exd5 5. cxd5 d6 6. Bg2 g6 7. Nf3 Bg7 8. Nc3
O-O 9. O-O a6 10. a4 Nbd7 11. Qc2 Re8 12. Bf4 Nf8 13. Rfd1 h6 14. e4 g5 15. Bd2
Bg4 16. h3 Bh5 17. g4 Bg6 18. Re1 N8d7 19. Ra3 Nb6 20. Nh2 Nfxd5 21. Nxd5 Nxd5
22. Qb3 Nf4 23. f3 Rb8 24. Bc3 Bxc3 25. Qxc3 b5 26. axb5 axb5 27. b4 Qb6 28.
Kh1 Rec8 29. Bf1 cxb4 30. Qxb4 Rc2 31. Ree3 Qc5 32. Qb3 b4 33. Ra1 Ne6 34. Re2
Rc3 35. Qd5 Nf4 36. Qxc5 dxc5 37. Rd2 b3 38. Rb2 Ne6 39. Be2 Nd4 40. Bd1 f6 41.
Kg2 Rd3 42. Nf1 c4 43. Rc1 c3 44. Rf2 c2 45. Be2 Nxe2 46. Rxe2 Rd1 47. Rcxc2
bxc2 48. Rxc2 Rbb1 49. Ne3 Rg1+ 50. Kf2 Rh1 51. Rc8+ Kf7 52. Rc7+ Ke8 53. Nd5
Rb2+ 54. Ke3 Re1+ 55. Kd3 Rb3+ 56. Kd2 Rf1 57. Nxf6+ Kd8 58. Rg7 Bxe4 59. Nxe4
Rfxf3 60. Rg8+ Ke7 61. Rg7+ Rf7 62. Rg6 Rxh3 63. Nd6 Rf2+ 64. Ke1 Ra2 65. Nf5+
Kd7 66. Rd6+ Kc7 67. Rxh6 Rxh6 68. Nxh6 Kd7 69. Nf7 Ra5 70. Ke2 Ke6 71. Nh6 Ra3
72. Kf2 Ke5 73. Kg2 Kf4 74. Kf2 0-1

[Event "Weekend Accademia Autunno"]
[Site "Roma ITA"]
[Date "2010.10.08"]
[Round "1"]
[White "Trebeschi, Andrea"]
[Black "Pica, Livia"]
[Result "1-0"]
[WhiteElo "2041"]
[BlackElo "1698"]
[PlyCount "95"]
[EventDate "2010.10.08"]

1. e4 e5 2. Nf3 Nc6 3. Bb5 d6 4. c3 a6 5. Ba4 b5 6. Bc2 Bg4 7. h3 Bh5 8. d3 Nf6
9. Nbd2 Be7 10. Nf1 h6 11. Ng3 Bg6 12. Nh4 Bh7 13. Nhf5 O-O 14. O-O Bg6 15. Be3
Qd7 16. Qf3 Rfe8 17. Rad1 Bf8 18. Nxh6+ Kh8 19. Ng4 Be7 20. d4 Qc8 21. d5 Na5
22. Nxf6 Bxf6 23. Nf5 Kg8 24. g4 Qd8 25. Kh2 Bh4 26. Rg1 Be7 27. g5 Nc4 28. Bc1
Bh7 29. h4 Rf8 30. Rg3 g6 31. Nxe7+ Qxe7 32. b3 Nb6 33. Be3 Nd7 34. Qe2 Kg7 35.
Bd3 Rh8 36. Kg2 Bg8 37. Rh1 Kf8 38. b4 Rh5 39. Qc2 Nb6 40. Bxb6 cxb6 41. a4
bxa4 42. Qxa4 Qb7 43. Be2 b5 44. Qa5 Rc8 45. Bxh5 gxh5 46. Re3 Bh7 47. f3 Ke7
48. Ra1 1-0

[Event "Weekend Accademia Autunno"]
[Site "Roma ITA"]
[Date "2010.10.08"]
[Round "1"]
[White "Vannelli, Vittorio"]
[Black "Capitelli, Paolo"]
[Result "1-0"]
[WhiteElo "1761"]
[BlackElo "2128"]
[PlyCount "89"]
[EventDate "2010.10.08"]

1. e4 c5 2. Nf3 e6 3. d4 cxd4 4. Nxd4 Nf6 5. Bd3 Qb6 6. Nb3 Qc7 7. O-O d6 8. f4
Be7 9. Nc3 a6 10. a4 b6 11. Qe2 Nbd7 12. Bd2 Bb7 13. Kh1 O-O 14. Rae1 g6 15. e5
Nd5 16. Nxd5 Bxd5 17. Nd4 dxe5 18. fxe5 Bh4 19. Bh6 Rfe8 20. Rd1 Qxe5 21. Qg4
Be7 22. Rde1 Nf6 23. Qh4 Qh5 24. Qf4 Qg4 25. Qf2 Qh5 26. Qf4 Red8 27. Re5 Qg4
28. Rxd5 exd5 29. Nc6 Qe6 30. Nxe7+ Qxe7 31. Bg5 Nh5 32. Bxe7 Nxf4 33. Rxf4 Re8
34. Bb4 Rac8 35. Kg1 a5 36. Bc3 Re6 37. Rf6 Rec6 38. Rxc6 Rxc6 39. Kf2 Kf8 40.
Ke3 Ke7 41. Be5 Rc8 42. Bd4 Rc6 43. Kf4 Kd6 44. h4 Ke7 45. Kg5 1-0

[Event "Weekend Accademia Autunno"]
[Site "Roma ITA"]
[Date "2010.10.09"]
[Round "2"]
[White "Battistelli, Alessandro"]
[Black "Passeri, Marco"]
[Result "0-1"]
[WhiteElo "1862"]
[BlackElo "1434"]
[PlyCount "50"]
[EventDate "2010.10.08"]

1. e4 c5 2. Nf3 d6 3. c3 Nf6 4. e5 dxe5 5. Nxe5 a6 6. Bc4 e6 7. O-O Bd6 8. d4
O-O 9. Bg5 cxd4 10. cxd4 Be7 11. Nc3 b5 12. Be2 Bb7 13. Bf3 Qb6 14. Qe2 Rd8 15.
Rfd1 Qc7 16. d5 exd5 17. Nxd5 Bxd5 18. Bxf6 Bxf3 19. Bxe7 Rxd1+ 20. Rxd1 Qxe7
21. Ng6 Bxe2 22. Nxe7+ Kf8 23. Rd2 Kxe7 24. Rxe2+ Kf8 25. Rc2 Nd7 0-1

[Event "Weekend Accademia Autunno"]
[Site "Roma ITA"]
[Date "2010.10.09"]
[Round "2"]
[White "Capitelli, Paolo"]
[Black "Di Giulio, Michele"]
[Result "1-0"]
[WhiteElo "2128"]
[BlackElo "1669"]
[PlyCount "25"]
[EventDate "2010.10.08"]

1. e4 e5 2. Nf3 Nf6 3. Nxe5 Qe7 4. Nf3 Qxe4+ 5. Be2 Bc5 6. d4 Be7 7. O-O O-O 8.
Re1 Re8 9. Bd3 Qc6 10. c4 d5 11. Ne5 Qb6 12. c5 Qb4 13. a3 1-0

[Event "Weekend Accademia Autunno"]
[Site "Roma ITA"]
[Date "2010.10.09"]
[Round "2"]
[White "Carola, Paolo"]
[Black "Quimi, Marco"]
[Result "0-1"]
[WhiteElo "1904"]
[BlackElo "2195"]
[PlyCount "40"]
[EventDate "2010.10.08"]

1. e4 c5 2. Nf3 Nc6 3. Bb5 g6 4. O-O Bg7 5. c3 Nf6 6. Re1 O-O 7. d4 d5 8. e5
Ne4 9. Bf4 Qb6 10. Na3 a6 11. Bxc6 bxc6 12. Qb3 Qa7 13. Qc2 Rb8 14. c4 Bf5 15.
Nh4 cxd4 16. Nxf5 gxf5 17. e6 fxe6 18. Bxb8 Rxb8 19. Rad1 d3 20. Rxd3 Rxb2 0-1

[Event "Weekend Accademia Autunno"]
[Site "Roma ITA"]
[Date "2010.10.09"]
[Round "2"]
[White "Chiaretti, Roberto"]
[Black "Carnicelli, Valerio"]
[Result "1-0"]
[WhiteElo "2188"]
[BlackElo "1880"]
[PlyCount "59"]
[EventDate "2010.10.08"]

1. e4 e5 2. Nf3 Nc6 3. Bb5 a6 4. Ba4 Nf6 5. O-O Nxe4 6. d4 b5 7. Bb3 d5 8. dxe5
Be6 9. Qe2 Be7 10. a4 Rb8 11. axb5 axb5 12. c3 O-O 13. Bc2 Bc5 14. Nbd2 Nxd2
15. Bxd2 f6 16. exf6 Qxf6 17. Ng5 Bf5 18. Bxf5 Qxf5 19. Qe6+ Qxe6 20. Nxe6 Bb6
21. Nxf8 Rxf8 22. Rae1 d4 23. Re6 dxc3 24. bxc3 Nd4 25. Re7 c5 26. cxd4 cxd4
27. Re5 b4 28. Rb5 Rb8 29. Rd1 d3 30. Kf1 1-0

[Event "Weekend Accademia Autunno"]
[Site "Roma ITA"]
[Date "2010.10.09"]
[Round "2"]
[White "De Santis, Emilio"]
[Black "Lami, Damiano"]
[Result "1-0"]
[WhiteElo "1875"]
[BlackElo "1652"]
[PlyCount "75"]
[EventDate "2010.10.08"]

1. d4 Nf6 2. c4 e6 3. Nf3 b6 4. Nc3 Bb7 5. g3 Bb4 6. Bd2 c5 7. dxc5 Bxc5 8. Bg2
O-O 9. O-O Ne4 10. a3 Be7 11. Nxe4 Bxe4 12. Bc3 Bf6 13. Rc1 Na6 14. b4 d5 15.
Bxf6 gxf6 16. Nd4 Bxg2 17. Kxg2 Nb8 18. Nf3 dxc4 19. Rxc4 Qxd1 20. Rxd1 Na6 21.
Rdc1 Rfd8 22. R1c2 e5 23. Nh4 Kg7 24. Nf5+ Kg6 25. Ne7+ Kg7 26. g4 Rd7 27. Nf5+
Kf8 28. Rc6 Rad8 29. Rxf6 Rd2 30. Rfc6 Rxc2 31. Rxc2 Ke8 32. Kf3 Rd7 33. Rc8+
Rd8 34. Nd6+ Ke7 35. Rxd8 Kxd8 36. Nxf7+ Kc8 37. Ke4 Nc7 38. Kxe5 1-0

[Event "Weekend Accademia Autunno"]
[Site "Roma ITA"]
[Date "2010.10.09"]
[Round "2"]
[White "Figus, Maurizio"]
[Black "Ceccarelli, Lucio"]
[Result "1/2-1/2"]
[WhiteElo "1920"]
[BlackElo "1554"]
[PlyCount "56"]
[EventDate "2010.10.08"]

1. e4 c5 2. Nf3 Nf6 3. Nc3 d6 4. d4 cxd4 5. Nxd4 g6 6. Be3 a6 7. f3 Bg7 8. Qd2
Nbd7 9. O-O-O b5 10. a3 Bb7 11. g4 Qc7 12. g5 Nh5 13. Nd5 Bxd5 14. exd5 Rc8 15.
Bh3 Nc5 16. Kb1 Rb8 17. Nc6 Rb7 18. Bxc5 dxc5 19. Nxe7 Qe5 20. c3 Rxe7 21. d6
Re6 22. d7+ Kd8 23. Bxe6 fxe6 24. Rhe1 Qf5+ 25. Ka1 Be5 26. a4 Nf4 27. axb5
axb5 28. Qe3 Bc7 1/2-1/2

[Event "Weekend Accademia Autunno"]
[Site "Roma ITA"]
[Date "2010.10.09"]
[Round "2"]
[White "Iacoacci, Giancarlo"]
[Black "Prudenzano, Ruggero"]
[Result "0-1"]
[WhiteElo "1824"]
[BlackElo "1929"]
[PlyCount "67"]
[EventDate "2010.10.08"]

1. d4 Nf6 2. Nf3 c5 3. d5 b5 4. g3 d6 5. Bg2 g6 6. O-O Bg7 7. c4 bxc4 8. Nc3
O-O 9. Qa4 Nbd7 10. Qxc4 a5 11. Qb3 Rb8 12. Qd1 Ba6 13. Re1 Nb6 14. Nd2 Ng4 15.
Na4 Nxa4 16. Qxa4 Bxb2 17. Bxb2 Rxb2 18. Nc4 Rb4 19. Qxa5 Bxc4 20. Qa3 Qb6 21.
Qc3 Ba6 22. h3 Nf6 23. Qe3 Qc7 24. a3 Rb2 25. Bf3 Rfb8 26. Rac1 Bc8 27. g4 R2b3
28. Rc3 Rxc3 29. Qxc3 Nd7 30. e4 Qb6 31. Qc1 Ne5 32. Be2 Ba6 33. Qg5 Bxe2 34.
Rxe2 0-1

[Event "Weekend Accademia Autunno"]
[Site "Roma ITA"]
[Date "2010.10.09"]
[Round "2"]
[White "Iandolo, Marco"]
[Black "Squicciarini, Simone"]
[Result "1/2-1/2"]
[WhiteElo "1941"]
[BlackElo "1608"]
[PlyCount "75"]
[EventDate "2010.10.08"]

1. Nf3 d5 2. c4 c6 3. b3 Nf6 4. g3 g6 5. Bb2 Bg7 6. Bg2 O-O 7. O-O dxc4 8. bxc4
c5 9. d3 Nc6 10. a4 Qc7 11. Nc3 a6 12. Rb1 e5 13. Ne1 Rd8 14. Nc2 Bf5 15. Ne3
Be6 16. Ncd5 Nxd5 17. Nxd5 Bxd5 18. Bxd5 Nb4 19. Bg2 a5 20. Bc3 Ra6 21. Qb3 f5
22. Qb2 Kh8 23. f4 exf4 24. Bxg7+ Qxg7 25. Qxg7+ Kxg7 26. Rxf4 Re6 27. Rf2 Rde8
28. Bf3 g5 29. Bxb7 Rxe2 30. Rxf5 Nxd3 31. Rxg5+ Kh6 32. h4 Re1+ 33. Rxe1 Rxe1+
34. Kg2 Re2+ 35. Kf3 Re5 36. Be4 Ne1+ 37. Kf4 Ng2+ 38. Bxg2 1/2-1/2